000 00832nam a22002657a 4500
001 BR9510653
003 BR-BrBNA
005 20230928094832.0
007 ta
008 230509b bl.||||| |||| 00| 0 por d
040 _aBR-BrBNA
_bpor
_cBiblioteca Nacional de Agricultura
041 _a(Spa, Por)
072 _aE71; D50
090 _ E71 BR9510653
100 1 _aBronzatto, C.A.
100 1 _aBarboza, M.N.
110 1 _aSenado Federal, Brasilia, DF (Brasil). Subsecretaria de Edicoes Tecnicas
_99270
245 1 _aOs efeitos do artigo 98 do codigo tributario nacional e o progresso de integracao do MERCOSUL
_bEstudos da integracao vol. 6
260 3 _aBrasilia, DF (Brasil):
_c1994.
300 _a101 p.
650 _aComercio Exterior
650 _aLegislacao
909 _a202309
_bLucia
_c55
_dLucia Elande
942 _cBK
999 _c52918
_d52918